ბათუმის შოთა რუსთაველის სახელმწიფო უნივერსიტეტის ბიბლიოთეკა

დანაშაული და სასჯელი ქართულ ჩვეულებით (ხალხურ) სამართალში (ფშავის ჩვეულებითი სამართლის მიხედვით) / (ბიბ.ჩანაწერი № 59372)

000 -ლიდერი
ფიქსირებული სიგრძის საკონტროლო ველი 01000nam a22002057a 4500
003 - საკონტროლო ნომრის იდენტიფიკატორი
საკონტროლო ველი Ge_BSU
005 - ბოლო ოპერაციის თარიღი და დრო
საკონტროლო ველი 20230201105443.0
008 - ფიქსირებული სიგრძის მონაცემთა ელემენტები - ზოგადი ინფორმაცია
ფიქსირებული სიგრძის საკონტროლო ველი 230201s2003 ge ||||| |||| 00| 0 geo d
020 ## - წიგნის საერთაშორისო სტანდარტული ნომერი
International Standard Book Number 9992897651
041 ## - ენის კოდი
Language code of text/sound track or separate title geo
080 ## - უნივერსალური ათობითი კლასიფიკაციის ინდექსი
Universal Decimal Classification number 343.23/24+902.7(479.22) ჯ-19
100 ## - მთავარი ჩანაწერი - პიროვნების სახელი
Personal name ჯალაბაძე, დავით
9 (RLIN) 4361
245 ## - ცნობა სათაურის შესახებ
Title დანაშაული და სასჯელი ქართულ ჩვეულებით (ხალხურ) სამართალში (ფშავის ჩვეულებითი სამართლის მიხედვით) /
Statement of responsibility, etc დავით ჯალაბაძე; [რედ.: ბ. ზოიძე].
264 ## - წარმოების, გამოცემის, დისტრიბუციის და სხვა ცნობები
გამოცემის, წარმოების, დისტრიბუციის... ადგილი თბილისი :
გამოცემის, წარმოების, დისტრიბუციის... სახელწოდება უნივერსალი,
გამოცემის, წარმოების, დისტრიბუციის... თარიღი 2003.
300 ## - ფიზიკური აღწერა
Extent 186გვ. ;
Other physical details 20სმ.
653 ## - INDEX TERM--UNCONTROLLED
Uncontrolled term დანაშაული
653 ## - INDEX TERM--UNCONTROLLED
Uncontrolled term სასჯელი
653 ## - INDEX TERM--UNCONTROLLED
Uncontrolled term ქართული ჩვეულებითი სამართალი
942 ## - ADDED ENTRY ELEMENTS (KOHA)
Source of classification or shelving scheme
Koha item type წიგნი
ეგზემპლარები
ჩამოწერის სტატუსი დაკარგული ეგზემპლარის სტატუსი კლასიფიკაციის წყარო ან თაროზე გაწყობის სქემა დაზიანების სტატუსი არ გაიცემა მუდმივი მდებარეობა (დაცვის ადგილი) ამჟამინდელი ადგილსამყოფელი თაროზე განთავსების ადგილი შეძენის თარიღი ღირებულება, შესყიდვის ნორმალური ფასი სრული შენახვის შიფრი შტრიხკოდი ბოლო ოპერაციის თარიღი ეგზემპლარის მიმდევრობითი ნომერი (კეტერი?) ფასის ძალაში შესვლის თარიღი ეგზემპლარის სახეობა საჯარო შენიშვნა
          ბათუმის შოთა რუსთაველის სახელმწიფო უნივერსიტეტის მთავარი ბიბლიოთეკა ბათუმის შოთა რუსთაველის სახელმწიფო უნივერსიტეტის მთავარი ბიბლიოთეკა წიგნსაცავი 2023-02-01 7.00 343.23/24+902.7(479.22) ჯ-19 63626 2023-02-01 63626 2023-02-01 წიგნი 7 ლ.
          ბათუმის შოთა რუსთაველის სახელმწიფო უნივერსიტეტის მთავარი ბიბლიოთეკა ბათუმის შოთა რუსთაველის სახელმწიფო უნივერსიტეტის მთავარი ბიბლიოთეკა წიგნსაცავი 2023-03-13 7.00 343.23/24+902.7(479.22) ჯ-19 63995 2023-03-13 63995 2023-03-13 წიგნი 7 ლ.